000 00266nam a22001217a 4500
003 SGT
082 _a150
_bF12B
100 _aBARON, ROBERT A.
245 _aFUNDAMENTAL OF SOCIAL PSYCHOLOGY
260 _aINDIA
_bPERSON
_c2012
300 _a229
942 _2ddc
_cBK
_02
999 _c15079
_d15079